Pokémon de Sacha - Statistiques

Statistiques générales
  • Ce quiz a été pris 120 fois
  • Le résultat moyen est 41 sur 83
Statistiques - réponses
Réponse % Correct
Pikachu
99%
Dracaufeu
90%
Carapuce
89%
Bulbizarre
86%
Papilusion
83%
Roucarnage
80%
Chenipan
78%
Salamèche
78%
Reptincel
73%
Chrysacier
72%
Roucoups
69%
Kaiminus
67%
Tauros
65%
Amphinobi
64%
Jungko
64%
Ronflex
63%
Macronium
60%
Héricendre
59%
Simiabraz
58%
Chartor
57%
Feurisson
56%
Noarfang
56%
Lokhlass
55%
Arcko
53%
Germignon
53%
Hélédelle
53%
Torterra
53%
Capumain
52%
Grenousse
52%
Grotadmorv
52%
Grotichon
52%
Moustillon
52%
Brutalibré
51%
Étouraptor
51%
Massko
50%
Ouisticram
50%
Tortipouss
50%
Flambusard
49%
Scorvol
49%
Vipélierre
49%
Mustebouée
48%
Donphan
47%
Écrapince
47%
Muplodocus
47%
Colossinge
45%
Gruikui
45%
Chimpenfeu
44%
Déflaisan
44%
Nirondelle
44%
Krabboss
43%
Krabby
43%
Scarhino
43%
Griknot
42%
Boskara
41%
Crôaporal
41%
Crocorible
41%
Étourmi
41%
Brindibou
40%
Bruyverne
40%
Étourvol
40%
Flamiaou
40%
Oniglali
40%
Scorplane
40%
Batracné
38%
Passerouge
38%
Poichigeon
38%
Braisillon
36%
Rattatac
34%
Colombeau
33%
Escroco
33%
Manternel
33%
Mucuscule
33%
Stalgamin
33%
Colimucus
32%
Phanpy
31%
Géolithe
30%
Lougaroc
30%
Baggiguane
28%
Sonistrelle
28%
Couverdure
27%
Nodulithe
26%
Larveyette
25%
Rocabot
25%
Aucun quiz correspondant
Distribution des résultats
% des personnes avec chaque résultat
Percentile par nombre de réponses
Votre historique - résultats
Vous n’avez pas pris ce quiz